000 00605nam a2200229 i 4500
001 C2-0085562
003 PPAK
005 20180727090542.0
008 970430s1988 my |||| ||||| | may d
040 _aPPAK
_beng
_cPPAK
_erda
082 0 4 _a892.71
_223
090 0 0 _a892.71
_bMUH
_dG
100 0 _aMuhammad Iqbal,
_eauthor
245 1 0 _aRahsia-rahsia diri
264 1 _aKota Bahru, Kelantan :
_bPustaka Aman ,
_c1988
300 _a104 pages ;
_c19 cm
336 _2rdacontent
_atext
337 _2rdamedia
_aunmediated
338 _2rdacarrier
_avolume
650 1 0 _aIslamic poetry
942 _ddc
_cB
999 _c17164
_d17164